00325nam a2200121Ia 4500008004100000041000800041082001700049100002000066245004100086260003700127300003200164365000700196240624s9999 xx 000 0 und d aeng a658.4038 KAM aKAMALAVIJAYAN D aINFORMATION AND KNOWLEDGE MANAGEMENT c2005aNew DelhibMacmillan India axiii, : 220 : p. : cm. ; 22 cRS